01764nam a2200421 a 4500003000900000005001700009008004100026020001800067040001300085245004800098260002600146300002300172490005900195500026800254500006100522500007900583500010300662500009100765650002600856650002300882650003200905650001900937650002800956650002100984650001001005650001401015650002401029650002401053653002601077653003901103653002301142653002801165700002601193700003001219700003201249700003101281700003001312AR-BaBNM20251128205423.0082120s2002 ||||||||||||||000 | spa|| a92-3-302769-4 cAR-BaBNM00aEducación para todosbuna visión amplia aParísbUnescoc1994 axiv, 99 p.btablas 0aConferencia Mundial sobre Educación para Todosvv. 2 aLas tres monografías que contiene este libro, tienen como base los materiales de las mesas redondas organizadas durante la Conferencia Mundial sobre Educación para Todos-Satisfacción de las necesidades básicas de aprendizaje, celebrada en Jomtien, Tailand aReferencias bibliográficas al final de cada capítulo aApéndice 1: Declaración Mundial sobre Educación para Todos: p. 75-84 aApéndice 2: Marco de acción para satisfacer las necesidades básicas de aprendizaje: p. 85-99 aUNESCO: ORGANIZACION DE LAS NACIONES UNIDAS PARA LA EDUCACION, LA CIENCIA Y LA CULTURA 4aIGUALDAD DE EDUCACION 4aPOLITICA EDUCATIVA 4aFINALIDADES DE LA EDUCACION 4aALFABETIZACION 4aOBJETIVOS EDUCACIONALES 4aPRIMERA INFANCIA 4aSALUD 4aNUTRICION 4aEDUCACION NO FORMAL 4aNECESIDADES BASICAS aEDUCACION A DISTANCIA aPROCESO DE ENSEÑANZA-APRENDIZAJE aEDUCACION PRIMARIA aESTADISTICAS EDUCATIVAS1 aFordham, Pauleeditor1 aPower, Colineprologuista1 aLawrence, Johneprologuista1 aHabte, Aklilueprologuista1 aHaddad, Wadieprologuista